Building Drawing with an Integrated Approach to Built Environment (Record no. 532553)

000 -LEADER
fixed length control field 00484nam a22001937a 4500
003 - CONTROL NUMBER IDENTIFIER
control field NUST
005 - DATE AND TIME OF LATEST TRANSACTION
control field 20191125124044.0
008 - FIXED-LENGTH DATA ELEMENTS--GENERAL INFORMATION
fixed length control field 191125b ||||| |||| 00| 0 eng d
020 ## - INTERNATIONAL STANDARD BOOK NUMBER
International Standard Book Number 0071077871
024 ## - OTHER STANDARD IDENTIFIER
Standard number or code 978-0071077873
038 ## - RECORD CONTENT LICENSOR
Staff Name MSOHAIL
082 ## - DEWEY DECIMAL CLASSIFICATION NUMBER
Classification number 0
100 ## - MAIN ENTRY--PERSONAL NAME
Personal name MG Shah
9 (RLIN) 26133
245 ## - TITLE STATEMENT
Title Building Drawing with an Integrated Approach to Built Environment
250 ## - EDITION STATEMENT
Edition statement 5th
260 ## - PUBLICATION, DISTRIBUTION, ETC.
Place of publication, distribution, etc. India
Name of publisher, distributor, etc. Mc Graw Hill India
Date of publication, distribution, etc. c2013
300 ## - PHYSICAL DESCRIPTION
Extent p;408
942 ## - ADDED ENTRY ELEMENTS (KOHA)
Source of classification or shelving scheme
Koha item type Book
Holdings
Withdrawn status Lost status Source of classification or shelving scheme Damaged status Not for loan Permanent Location Current Location Date acquired Total Checkouts Barcode Date last seen Price effective from Koha item type
          School of Civil and Environmental Engineering (SCEE) School of Civil and Environmental Engineering (SCEE) 11/25/2019   NIT-12418 11/25/2019 11/25/2019 Book
© 2023 Central Library, National University of Sciences and Technology. All Rights Reserved.